[Event "Buenos Aires Masters op"]
[Site "Buenos Aires"]
[Date "2023.06.19"]
[Round "8"]
[White "Salvatti, Diego"]
[Black "Zamani, Andres"]
[Result "1/2-1/2"]
[WhiteElo "1892"]
[BlackElo "2004"]
[PlyCount "95"]
[EventDate "2023.06.14"]
[EventType "swiss"]
[EventRounds "9"]
[EventCountry "ARG"]
[SourceTitle "CBM 215 Extra"]
[Source "ChessBase"]
[SourceDate "2023.09.30"]
[SourceVersion "1"]
[SourceVersionDate "2023.09.30"]
[SourceQuality "1"]

1. d4 g6 2. c3 Bg7 3. Bf4 d6 4. e4 Nf6 5. Nd2 0-0 6. Be2 Re8 7. Ngf3 Nbd7 8. h3 e5 9. dxe5 Nxe5 10. Nxe5 dxe5 11. Bg5 Qd6 12. Qc2 Qc6 13. 0-0 Be6 14. a4 a6 15. b4 Nd7 16. a5 f6 17. Be3 Qd6 18. Rfd1 Qe7 19. Bc4 Nf8 20. Qb3 Qf7 21. f3 f5 22. Bxe6 Rxe6 23. Qc4 Rc6 24. Qxf7+ Kxf7 25. Rac1 Rd8 26. Nb1 Bf6 27. Rxd8 Bxd8 28. Rd1 Be7 29. Rd5 Ke6 30. Rd3 Nd7 31. Nd2 Nf6 32. g4 fxe4 33. fxe4 b6 34. axb6 cxb6 35. Kg2 a5 36. b5 Rc8 37. Bxb6 Rb8 38. Bxa5 Rxb5 39. Bd8 Bxd8 40. Rxd8 Rb2 41. Kf3 Rc2 42. Rd3 Nd7 43. Nb3 Rh2 44. Kg3 Re2 45. Kh4 h6 46. c4 Nf6 47. Nc5+ Ke7 48. Kg3 1/2-1/2

[Event "Buenos Aires Masters op"]
[Site "Buenos Aires"]
[Date "2023.06.15"]
[Round "2"]
[White "Zamani, Andres"]
[Black "Dolezal, Cristian"]
[Result "0-1"]
[WhiteElo "2004"]
[BlackElo "2354"]
[PlyCount "134"]
[EventDate "2023.06.14"]
[EventType "swiss"]
[EventRounds "9"]
[EventCountry "ARG"]
[SourceTitle "CBM 215 Extra"]
[Source "ChessBase"]
[SourceDate "2023.09.30"]
[SourceVersion "1"]
[SourceVersionDate "2023.09.30"]
[SourceQuality "1"]

1. d4 Nf6 2. c4 c5 3. Nf3 g6 4. Nc3 Bg7 5. e4 cxd4 6. Nxd4 Nc6 7. Be3 Ng4 8. Qxg4 Nxd4 9. Qd1 Ne6 10. Rc1 b6 11. Bd3 Bb7 12. f3 Be5 13. 0-0 g5 14. Rc2 h5 15. Nd5 h4 16. Qc1 f6 17. h3 Qb8 18. Rd1 Bc6 19. Rcd2 Kf7 20. b4 Rc8 21. Bc2 Nf8 22. Bb3 e6 23. Nc3 Rd8 24. Ne2 Qc7 25. Nd4 Rac8 26. Rd3 Ke8 27. Qd2 Bh2+ 28. Kh1 Bf4 29. Ne2 Bxe3 30. Qxe3 Ng6 31. Rd6 Ke7 32. f4 gxf4 33. Nxf4 Nxf4 34. Qxf4 Rf8 35. a4 e5 36. Qd2 Rcd8 37. Qd3 a5 38. c5 axb4 39. Qc4 Rb8 40. Qxb4 Ke8 41. cxb6 Qxb6 42. Qxb6 Rxb6 43. Bc4 Rb4 44. Bb5 Bxb5 45. axb5 Rxe4 46. Rxd7 Re1+ 47. Rxe1 Kxd7 48. Re4 Rb8 49. Rxh4 Rxb5 50. Kg1 Rb2 51. Re4 Ke6 52. g4 Kd5 53. Re1 e4 54. Rf1 Ke5 55. Rf5+ Ke6 56. Rf2 Rb5 57. Kf1 Ra5 58. Ke2 Ra3 59. Rf4 Ke5 60. Rf5+ Kd4 61. Rxf6 Ra2+ 62. Ke1 Rh2 63. Rh6 Ke3 64. Kf1 Kf3 65. Rf6+ Kg3 66. Re6 Rxh3 67. Rxe4 Kf3 0-1

[Event "Buenos Aires Torre Blanca U2400 op"]
[Site "Buenos Aires"]
[Date "2023.01.06"]
[Round "1"]
[White "Parisi, Thiago"]
[Black "Zamani, Andres"]
[Result "0-1"]
[WhiteElo "1694"]
[BlackElo "1974"]
[PlyCount "82"]
[EventDate "2023.01.06"]
[EventType "swiss"]
[EventRounds "6"]
[EventCountry "ARG"]
[SourceTitle "CBM 212 Extra"]
[Source "ChessBase"]
[SourceDate "2023.03.31"]
[SourceVersion "1"]
[SourceVersionDate "2023.03.31"]
[SourceQuality "1"]

1. e4 c5 2. Nc3 Nc6 3. Bb5 g6 4. Bxc6 bxc6 5. f4 Bg7 6. Nf3 d6 7. d3 Nh6 8. 0-0 f5 9. Qe1 0-0 10. e5 Rb8 11. b3 Nf7 12. Bb2 Qc7 13. Nd1 Qd7 14. Qc3 Nd8 15. Nf2 Ne6 16. Nh3 h6 17. Rad1 Kh7 18. d4 cxd4 19. Nxd4 Nxd4 20. Qxd4 d5 21. c4 e6 22. cxd5 cxd5 23. Rc1 Ba6 24. Rf2 Rfc8 25. Rfc2 Bf8 26. Nf2 Be7 27. g3 Rxc2 28. Rxc2 Qb5 29. Qd1 Bc5 30. Rc1 Qb6 31. Rc2 Be3 32. Kg2 d4 33. Nd3 Bb7+ 34. Kh3 Be4 35. Rc4 Qb7 36. Ne1 d3 37. g4 d2 38. Nc2 Bxf4 39. Rxe4 Qxe4 40. gxf5 gxf5 41. Qg4 Rg8 0-1

[Event "Buenos Aires Torre Blanca U2400 op"]
[Site "Buenos Aires"]
[Date "2023.01.06"]
[Round "2"]
[White "Zamani, Andres"]
[Black "Bargas, Dario"]
[Result "1-0"]
[WhiteElo "1974"]
[BlackElo "1788"]
[PlyCount "157"]
[EventDate "2023.01.06"]
[EventType "swiss"]
[EventRounds "6"]
[EventCountry "ARG"]
[SourceTitle "CBM 212 Extra"]
[Source "ChessBase"]
[SourceDate "2023.03.31"]
[SourceVersion "1"]
[SourceVersionDate "2023.03.31"]
[SourceQuality "1"]

1. e4 e6 2. d4 d5 3. Nd2 dxe4 4. Nxe4 Nd7 5. Nf3 Ngf6 6. Bd3 Nxe4 7. Bxe4 Nf6 8. Bd3 c5 9. dxc5 Bxc5 10. Qe2 Bd7 11. Bd2 Bc6 12. 0-0-0 Qb6 13. Ne5 Bd4 14. Nc4 Qc7 15. Bb4 0-0-0 16. c3 Bb6 17. Nxb6+ Qxb6 18. Be7 Rd7 19. Bxf6 gxf6 20. f4 f5 21. Rhe1 Rhd8 22. g3 Qa5 23. a3 Qd5 24. Bc4 Qf3 25. Rxd7 Rxd7 26. Qxf3 Bxf3 27. Rf1 Bg2 28. Rf2 Be4 29. Bb5 Rd8 30. Rd2 a6 31. Be2 Rxd2 32. Kxd2 Kd7 33. Ke3 Kd6 34. Bh5 f6 35. Bf7 Bc2 36. c4 Bb3 37. Kd4 b6 38. Bh5 Bc2 39. b4 e5+ 40. Ke3 Bb3 41. Kd3 Ba2 42. Bf7 Bb1+ 43. Kc3 Be4 44. Bg8 h6 45. Bf7 Bf3 46. Kd3 Bg4 47. Ke3 Bd1 48. Kd3 a5 49. Bg6 axb4 50. axb4 Bg4 51. Ke3 Bh3 52. Bh5 Bf1 53. Bf7 Bg2 54. Kf2 Bh3 55. Be8 Bg4 56. Ba4 e4 57. Ke3 Bh3 58. Kd4 Bg4 59. Bb5 Bf3 60. Be8 Bg4 61. c5+ bxc5+ 62. bxc5+ Kc7 63. Bb5 Bf3 64. Bc4 Bg4 65. Bd5 Bf3 66. Ke3 Bg4 67. Kf2 Bh3 68. Ba8 Kb8 69. Bc6 Kc7 70. Bb5 Bg4 71. Kg2 Bf3+ 72. Kf2 Bg4 73. Ke3 Kb8 74. Bf1 Kc7 75. Bg2 Kc6 76. Kd4 Bf3 77. Bh3 Bg4 78. Bxg4 fxg4 79. Kxe4 1-0

[Event "Buenos Aires La Porta Cup"]
[Site "Buenos Aires"]
[Date "2019.03.26"]
[Round "6"]
[White "Zamani, Andres"]
[Black "Della Morte, German"]
[Result "0-1"]
[WhiteElo "2127"]
[BlackElo "2366"]
[PlyCount "50"]
[EventDate "2019.03.20"]
[EventType "swiss"]
[EventRounds "9"]
[EventCountry "ARG"]
[SourceTitle "CBM 189 Extra"]
[Source "ChessBase"]
[SourceDate "2019.06.03"]
[SourceVersion "1"]
[SourceVersionDate "2019.06.03"]
[SourceQuality "1"]

1. e4 e5 2. Nf3 Nc6 3. d4 exd4 4. Nxd4 Nf6 5. Nxc6 bxc6 6. Qe2 Bc5 7. e5 Nd5 8. c4 Ne7 9. Bg5 0-0 10. Qe4 Qe8 11. Bxe7 Qxe7 12. Bd3 f5 13. Qe2 Bd4 14. Nc3 Bxe5 15. 0-0 Qf6 16. Qc2 d6 17. Rab1 Qh6 18. g3 f4 19. Rfe1 Bg4 20. Be4 Bd4 21. Rf1 Bh3 22. Bg2 Bxg2 23. Kxg2 f3+ 24. Kh1 Qh3 25. Rg1 Rf6 0-1

[Event "Villa Martelli ProAm op 24th"]
[Site "Villa Martelli"]
[Date "2017.10.01"]
[Round "2"]
[White "Zamani, Andres"]
[Black "Slipak, Sergio"]
[Result "0-1"]
[WhiteElo "2120"]
[BlackElo "2437"]
[PlyCount "65"]
[EventDate "2017.10.01"]
[EventType "swiss"]
[EventRounds "9"]
[EventCountry "ARG"]
[SourceTitle "CBM 181 Extra"]
[Source "ChessBase"]
[SourceDate "2017.12.12"]
[SourceVersion "1"]
[SourceVersionDate "2017.12.12"]
[SourceQuality "1"]

1. e4 e5 2. Nf3 Nc6 3. Nc3 Nf6 4. Bb5 Bd6 5. d3 0-0 6. Be3 Re8 7. a3 Bf8 8. Bc4 d6 9. Ng5 Re7 10. Nd5 Nxd5 11. Bxd5 h6 12. Nh3 Nd4 13. c3 c6 14. Ba2 Ne6 15. Qf3 Nc5 16. 0-0-0 Be6 17. Bxe6 Rxe6 18. Bxc5 dxc5 19. Qe3 b5 20. f4 b4 21. axb4 cxb4 22. cxb4 Bxb4 23. fxe5 Rxe5 24. d4 Rb5 25. Kc2 Rab8 26. Nf4 Bc5 27. Ne2 Rxb2+ 28. Kd3 R8b3+ 29. Nc3 Qa5 30. Qe1 Bb4 31. Rc1 Ra2 32. Rf1 Bxc3 33. Rh1 0-1

[Event "ARG-chT"]
[Site "Villa Martelli"]
[Date "2017.09.23"]
[Round "8.3"]
[White "Zamani, Andres"]
[Black "Condino, Gabriel"]
[Result "0-1"]
[WhiteElo "2116"]
[BlackElo "2115"]
[PlyCount "130"]
[EventDate "2017.08.05"]
[EventType "team-swiss"]
[EventRounds "9"]
[EventCountry "ARG"]
[SourceTitle "EXT 2018"]
[Source "ChessBase"]
[SourceDate "2017.10.13"]
[SourceVersion "1"]
[SourceVersionDate "2017.10.13"]
[SourceQuality "1"]
[WhiteTeam "Club Argentino"]
[BlackTeam "Tacticos y Estrategas"]
[WhiteTeamCountry "ARG"]
[BlackTeamCountry "ARG"]

1. e4 c5 2. Nc3 Nc6 3. f4 g6 4. Nf3 Bg7 5. Bc4 e6 6. f5 Nge7 7. fxe6 dxe6 8. 0-0 0-0 9. d3 Na5 10. Bb3 Nxb3 11. axb3 Nc6 12. Be3 b6 13. Qd2 Bb7 14. Bh6 Nd4 15. Bxg7 Kxg7 16. Rae1 f6 17. Rf2 Qd7 18. Re3 Rae8 19. Nd1 Nxf3+ 20. gxf3 f5 21. Re1 f4 22. b4 cxb4 23. Qxb4 e5 24. Nc3 Bc6 25. Ra1 Rf7 26. Rd2 Rd8 27. Ne2 g5 28. Qc3 Qd6 29. d4 Bb5 30. d5 h5 31. Qa3 Bxe2 32. Qxd6 Rxd6 33. Rxe2 g4 34. Rg2 Rg6 35. c4 Rc7 36. Rc1 a5 37. b3 Kf8 38. Kf2 Ke8 39. Rcg1 Rcg7 40. Rc1 g3+ 41. hxg3 fxg3+ 42. Ke3 h4 43. Rh1 Rh6 44. Rh3 Ke7 45. f4 Kf6 46. Kf3 Rh8 47. Rh1 Rh5 48. Rd1 Rhh7 49. Rh1 Rh5 50. Rh3 exf4 51. Kxf4 Rgg5 52. Rh1 Rh8 53. Rh3 Kg6 54. e5 Rf8+ 55. Ke4 Rf2 56. Rxf2 gxf2 57. Rf3 h3 58. Rxf2 Rg2 59. Rf3 h2 60. Rh3 Re2+ 61. Kf4 Rf2+ 62. Kg3 Rb2 63. e6 Rxb3+ 64. Kxh2 Rxh3+ 65. Kxh3 Kf6 0-1

[Event "ARG-ch sf 92nd"]
[Site "Buenos Aires"]
[Date "2017.07.16"]
[Round "8.35"]
[White "Zamani, Andres"]
[Black "Juarez, Facundo Andres"]
[Result "1-0"]
[WhiteElo "2125"]
[BlackElo "1828"]
[PlyCount "117"]
[EventDate "2017.07.10"]
[EventType "swiss"]
[EventRounds "9"]
[EventCountry "ARG"]
[SourceTitle "EXT 2018"]
[Source "ChessBase"]
[SourceDate "2017.10.13"]
[SourceVersion "1"]
[SourceVersionDate "2017.10.13"]
[SourceQuality "1"]

1. e4 c5 2. Nc3 d6 3. f4 g6 4. Nf3 Bg7 5. Bc4 Nc6 6. 0-0 Nh6 7. d3 a6 8. f5 e6 9. Qe1 b5 10. Bb3 Ng4 11. Bg5 Qb6 12. Kh1 Nge5 13. f6 Bf8 14. Nxe5 Nxe5 15. Qe3 h6 16. Bh4 h5 17. Bg5 Ng4 18. Qd2 Bb7 19. a4 Kd7 20. axb5 axb5 21. Rxa8 Bxa8 22. Ra1 Bc6 23. Nd1 Bh6 24. Bxh6 Nxh6 25. c4 b4 26. h3 Qb8 27. Qe3 Kc7 28. d4 Kb6 29. Nf2 Qc7 30. Nd3 Bb7 31. Qe1 Ra8 32. Rxa8 Bxa8 33. Qe3 Ng8 34. e5 Qc6 35. d5 exd5 36. cxd5 Qe8 37. Qf4 dxe5 38. Nxe5 Qd8 39. d6 Nxf6 40. Qxf6 Qxf6 41. Nd7+ Kc6 42. Nxf6 Kxd6 43. Bxf7 Ke7 44. Bd5 Kxf6 45. Bxa8 Ke5 46. Bc6 Kd4 47. b3 c4 48. bxc4 b3 49. Be8 h4 50. Bxg6 b2 51. Kg1 Kxc4 52. Kf2 Kd4 53. Kf3 Ke5 54. Kg4 Kf6 55. Bb1 Kg7 56. Kxh4 Kh6 57. g4 Kg7 58. Kg5 Kh8 59. Kf6 1-0

[Event "ARG-ch Amateur U2300"]
[Site "Torre Blanca"]
[Date "2016.12.08"]
[Round "1.15"]
[White "Rodriguez, Luis Jose Lucio"]
[Black "Zamani, Andres"]
[Result "0-1"]
[WhiteElo "1963"]
[BlackElo "2122"]
[PlyCount "84"]
[EventDate "2016.12.08"]
[EventType "swiss"]
[EventRounds "8"]
[EventCountry "ARG"]
[SourceTitle "EXT 2024"]
[Source "ChessBase"]
[SourceDate "2023.10.10"]
[SourceVersion "1"]
[SourceVersionDate "2023.10.10"]
[SourceQuality "1"]

1. d4 f5 2. Nf3 Nf6 3. g3 g6 4. Bg2 Bg7 5. 0-0 0-0 6. c4 d6 7. Nc3 Qe8 8. b3 c6 9. e3 Na6 10. Bb2 e5 11. d5 c5 12. Nb5 Qe7 13. a3 h6 14. Qe2 g5 15. h3 Bd7 16. Nxe5 dxe5 17. d6 Qd8 18. Bxb7 Rb8 19. Bg2 e4 20. Rfd1 Qb6 21. Bf1 Rbd8 22. Qd2 Nb8 23. b4 Nc6 24. Bc3 Rf7 25. Be2 Be6 26. bxc5 Qxc5 27. Bd4 Nxd4 28. exd4 Qc8 29. Nxa7 Rxa7 30. c5 Bd5 31. Kh2 Qe6 32. a4 Re8 33. Ra3 Bc6 34. Rc1 Nd5 35. Bc4 f4 36. gxf4 gxf4 37. Rg1 e3 38. fxe3 fxe3 39. Qe2 Rf7 40. Rg2 Kh8 41. Qh5 Bxd4 42. Rg5 Rf2+ 0-1

[Event "Villa Martelli ProAm op 23rd"]
[Site "Villa Martelli"]
[Date "2016.11.22"]
[Round "4"]
[White "Zamani, Andres"]
[Black "Fabrega, Enrique"]
[Result "1-0"]
[WhiteElo "2080"]
[BlackElo "2168"]
[PlyCount "61"]
[EventDate "2016.11.20"]
[EventType "swiss"]
[EventRounds "9"]
[EventCountry "ARG"]
[SourceTitle "CBM 175 Extra"]
[Source "ChessBase"]
[SourceDate "2016.12.12"]
[SourceVersion "1"]
[SourceVersionDate "2016.12.12"]
[SourceQuality "1"]

1. e4 g6 2. d4 d6 3. Nc3 Bg7 4. Nge2 c6 5. g3 Nf6 6. Bg2 0-0 7. h3 Nbd7 8. a4 c5 9. Be3 cxd4 10. Bxd4 Qa5 11. 0-0 Ne5 12. Nd5 Nxd5 13. exd5 Nd7 14. Bxg7 Kxg7 15. Qd4+ Kg8 16. Rfe1 Re8 17. Nc3 Nf6 18. Nb5 a6 19. b4 Qd8 20. Na3 Bd7 21. Nc4 Rc8 22. Re2 Bxa4 23. Rxa4 b5 24. Nxd6 Qxd6 25. Ra5 Rc4 26. Qa7 Qxb4 27. Rxa6 Rxc2 28. Re3 Qd2 29. Rxf6 Rc1+ 30. Kh2 Qd1 31. h4 1-0